| 000 | 00891nam a22002897a 4500 | ||
|---|---|---|---|
| 001 | 2117 | ||
| 005 | 20231115081618.0 | ||
| 020 | _a9788956353340 | ||
| 040 |
_aFISKH _beng _cFISKH _dFISKH |
||
| 050 | _aPZ8.A95 | ||
| 082 | _a398.21 | ||
| 100 | _aChoi, HyeJung | ||
| 245 |
_aThe gingerbread man: _bFolk Tale / _cSeries Editors : Ian Bosiak, Michelle Park |
||
| 250 | _aFirst published by XACT, 2009 | ||
| 260 |
_aSeoul : _bXACT, _c2009 |
||
| 300 |
_a22 pages : _c20 cm |
||
| 505 | _aH | ||
| 520 | _aA freshly baked gingerbread man escapes when he is taken out of the oven and eludes a number of pursuers until he meets a clever fox. | ||
| 521 |
_a500 _bLexile estimate |
||
| 521 |
_aH _bRaz-Plus |
||
| 650 | _aFolktale | ||
| 650 | _aBaking | ||
| 650 | _aGingerbread | ||
| 700 |
_aBosiak, Ian _eSeries co-editor |
||
| 700 |
_aMichelle Park _eSeries co-editor |
||
| 942 |
_2ddc _cBK _n0 |
||
| 999 |
_c2117 _d2117 |
||